| 000 | 00652cam a22002057a 4500 | ||
|---|---|---|---|
| 001 | 002065 | ||
| 003 | armpunfd | ||
| 005 | 20140612090657.0 | ||
| 008 | 061121e0####xx#a##########000#0#und#d | ||
| 040 |
_aarmpunfd _carmpunfd |
||
| 080 | _a342 M 925 | ||
| 100 | 1 | 0 | _a Iturburu, Monica Silvana |
| 245 | 1 | 0 | _aMunicipios argentinos : potestades y restricciones constitucionales para un nuevo modelo de gestion local |
| 260 |
_a Uenos Aires : Inap _b1999. Isbn : 987-96756-4-9. 157 P. |
||
| 650 | 7 |
_a Derecho Municipal _2LEMB |
|
| 650 | 7 |
_a Municipalidades _2LEMB |
|
| 650 | 7 |
_a Municipios _2LEMB |
|
| 942 |
_cLB _2cdu |
||
| 945 |
_aCatalis _d2010-08-19 |
||
| 999 |
_c2056 _d232560 |
||